000 00912nam a2200289 a 4500
001 75109
003 BD-RjUL
005 20211209082640.0
008 190122s1949 enka 000 0 eng
035 _a(BD-RjUL)75327
035 _a(OCoLC)6393177
040 _aDLC
_cTxCM
_dDLC
_dBD-RjUL
_beng
041 _aeng
042 _apremarc
082 _223
_a547
_bSUP 1949
100 1 _aSudborough, J. J.
_q(John Joseph),
_d1869-
_9227214
245 1 0 _aPractical organic chemistry /
_cby J. J. Sudborough and T. Campbell James.
250 _a2d ed.
260 _aLondon:
_bBlackie,
_c1949.
300 _axviii, 450 p. :
_billus.;
_c19 cm.
500 _a"A laboratory companion to Sudborough's edition of Bernthsen's Organic chemistry."
650 0 _aChemistry, Organic.
_9227215
700 1 _aJames, Thomas Campbell,
_d1879-
_9227218
942 _2ddc
_cBK
999 _c75109
_d75109